• 首页
  • 本馆介绍
  • 公告通知
  • 最新文献
  • 馆藏检索
  • 电子资源
  • 读者导购
  • 参考咨询
  • 我的图书馆
  • 登录
  • 详细信息显示
  • 放入我的书架
  • 预约/预借图书
  • 作者相关作品
  • 分类相关作品
  • 丛书相关作品
  • 出版社相关作品

书目信息

  • 表格格式
  • 工作单格式
  • 卡片格式
题名:
野草
    
 
作者: 鲁迅, 著
分册:  
出版信息: 北京   中国商业出版社  2018
页数: 314页
开本: 22cm
丛书名:
单 册:
中图分类: I210.2 , I210.5
科图分类:
主题词: 鲁迅著作--lu xun zhu zuo--选集 , 鲁迅诗歌--lu xun shi ge--诗集 , 鲁迅杂文--lu xun za wen--杂文集 , 鲁迅小说--lu xun xiao shuo--小说集
电子资源:
ISBN: 978-7-5208-0228-4
000 01612nam0 2200361 450
001 012001007246
005 20140101083803.0
010    @a978-7-5208-0228-4@b精装@dCNY39.80
099    @aCAL 012018121118
100    @a20180928d2018 em y0chiy50 ea
101 0  @achi
102    @aCN@b110000
105    @ay z 000zy
106    @ar
200 1  @a野草@Aye cao@f鲁迅著
210    @a北京@c中国商业出版社@d2018
215    @a314页@d22cm
312    @a其他题名取自封面
327 1  @a野草 ;@a二心集 ;@a华盖集续编的续编 ;@a故事新编 (选编).
330    @a《野草》是鲁迅唯一的一本散文诗集,收入1924-1926年所作23篇散文诗,以曲折幽晦的象征表达了20年代中期作者内心世界的苦闷和对现实社会的抗争。《这样的战士》、《淡淡的血痕中》、《一觉》等篇表达了对现实的失望与愤懑;《影的告别》、《死火》、《墓碣文》等篇描绘了对自我深刻解剖之后的迷茫心境;《希望》、《死后》等篇写出了对未来的疑惧,深刻地表现出作者的人生哲学。语言俏奇瑰丽,意象玄妙奇美。《二心集》收录了鲁迅在1930年-1931年间所写的杂文三十七篇。《故事新编》是一本历史小说集,整体的风格显示出前所未有的从容、充裕、幽默和洒脱。
517 1  @a鲁迅散文集@Alu xun san wen ji
517 1  @a二心集@Aer xin ji
517 1  @a华盖集续编的续编@Ahua gai ji xu bian de xu bian
517 1  @a故事新编@Agu shi xin bian
606 0  @a鲁迅著作@Alu xun zhu zuo@j选集
606 0  @a鲁迅诗歌@Alu xun shi ge@x诗集
606 0  @a鲁迅杂文@Alu xun za wen@x杂文集
606 0  @a鲁迅小说@Alu xun xiao shuo@x小说集
690    @aI210.2@v5
690    @aI210.5@v5
701  0 @a鲁迅,@Alu xun@f1881-1936@4著
801  0 @aCN@b上海新华@c20191020
905    @b1133110-3@dI210.2@e357@f4
    
    野草/鲁迅著.-北京:中国商业出版社,2018
    314页;22cm
    
    部分内容:野草 ;;二心集 ;;华盖集续编的续编 ;;故事新编 (选编).
    ISBN 978-7-5208-0228-4(精装):CNY39.80
    《野草》是鲁迅唯一的一本散文诗集,收入1924-1926年所作23篇散文诗,以曲折幽晦的象征表达了20年代中期作者内心世界的苦闷和对现实社会的抗争。《这样的战士》、《淡淡的血痕中》、《一觉》等篇表达了对现实的失望与愤懑;《影的告别》、《死火》、《墓碣文》等篇描绘了对自我深刻解剖之后的迷茫心境;《希望》、《死后》等篇写出了对未来的疑惧,深刻地表现出作者的人生哲学。语言俏奇瑰丽,意象玄妙奇美。《二心集》收录了鲁迅在1930年-1931年间所写的杂文三十七篇。《故事新编》是一本历史小说集,整体的风格显示出前所未有的从容、充裕、幽默和洒脱。
●
相关链接 在E读中查询图书 在五车中查询图书 在当当中查询图书 在豆瓣中查询图书


正题名:野草     索取号:I210.2/357         预约/预借

序号 登录号 条形码 馆藏地/架位号 状态 备注
1 1133110   211331101   第一样本阅览室/ [索取号:I210.2/357] 在馆    
2 1133111   211331110   第二借阅区/ [索取号:I210.2/357] 在馆    
3 1133112   211331129   第二借阅区/ [索取号:I210.2/357] 在馆    
4 1133113   211331138   第二借阅区/ [索取号:I210.2/357] 在馆    
唐山师范学院图书馆 欢迎您!
大连网信软件有限公司© 版权所有